El concepto de información en la ciencia contemporánea /

Memoria de lo que fuera el resultado de los Coloquios de Royaumont celebrados en 1965 donde se reunieron destacados intelectuales tales como Lucien Goldmann, Norbert Wiener, René Possel y AndréLwoff, así como Abraham Moles, Henryk Greniwski, Helmar Krank y Jirí Zeman; al igual que François Nosack, L...

Descrizione completa

Salvato in:
Dettagli Bibliografici
Ente Autore: Coloquio Filosófico Internacional de Royaumont ( Abadía de Royaumont, Francia)
Altri autori: Guéroult, Martial (introducción) (introducción), Torner, Florentino M. (traducción) (traducción)
Natura: Atti del Convegno Libro
Lingua:spagnolo
Pubblicazione: México : Siglo XXI, 1977, c1977
Edizione:4a edición
Serie:(Nueva Ciencia, Nueva Técnica)
Soggetti:
Tags: Aggiungi Tag
Nessun Tag, puoi essere il primo ad aggiungerne!!

MARC

LEADER 00000nam^a2200000^a^4500
001 000183676
005 20250521000000.0
009 20260310102048.212
037 |a Acervo ITESO - Biblioteca 
041 |a ESP 
082 |a 121. 954  |b COL 1965 
111 |a Coloquio Filosófico Internacional de Royaumont (  |n 10º :  |d 1965 :  |c Abadía de Royaumont, Francia) 
240 1 1 |a [Coloquio Filosófico Internacional de Royaumont] 
240 1 1 |a [Coloquios de Royaumont] 
245 1 3 |a El concepto de información en la ciencia contemporánea /  |c Coloquio Filosófico Internacional de Royaumont ; introd. de M. Guéroult ; tr. por F.M. Torner. 
250 |a 4a edición 
264 4 |a México :  |b Siglo XXI,  |c 1977, c1977 
300 |a 310 p. 
336 |a texto  |b txt  |2 rdacontenido 
337 |a sin mediación  |b n  |2 rdamedio 
338 |a volumen  |b nc  |2 rdasoporte 
440 1 |a (Nueva Ciencia, Nueva Técnica) 
500 |a Traducción de: Le concept d'information dans la science contemporaine 
520 |a Memoria de lo que fuera el resultado de los Coloquios de Royaumont celebrados en 1965 donde se reunieron destacados intelectuales tales como Lucien Goldmann, Norbert Wiener, René Possel y AndréLwoff, así como Abraham Moles, Henryk Greniwski, Helmar Krank y Jirí Zeman; al igual que François Nosack, Luois Couffignal, Albert Perez, Stanislas Bellert entre otros y cuyo tema central fue el impacto de la cibernética en el pensamiento contemporáneo. 
649 |a XX 
650 |a Conocimiento -  |x Congresos 
650 |a Cibernética -  |x Congresos 
650 |a Información -  |x Filosofía 
650 |a Información -  |x Teoría 
650 |a Conciencia 
650 |a Percepción 
650 |a Materialismo 
650 |a Inteligencia Artificial 
650 |a Automatización 
650 |a Biología Molecular 
650 |a Psicología 
650 |a Ciencia y Desarrollo 
650 |a Filosofía del Siglo XX 
700 |a Guéroult, Martial  |e (introducción) 
700 |a Torner, Florentino M.  |e (traducción) 
910 |a Fondo General 
920 |a Impresos - Libros 
930 |a Colección General 
905 |a 101 
901 |a 0500124055  |b IT1  |c ACC  |u 20250521 
902 |a https://opac.biblio.iteso.mx/vufind/Record/000183676